[Event "HUN-chT2 Szechenyi 1718"]
[Site "Hungary"]
[Date "2018.05.06"]
[Round "9"]
[White "Peresznyak, Peter"]
[Black "Domonkos, Tamas"]
[Result "1/2-1/2"]
[WhiteElo "1758"]
[BlackElo "1887"]
[PlyCount "31"]
[EventDate "2017.10.29"]
[EventType "team-tourn"]
[EventRounds "9"]
[EventCountry "HUN"]
[SourceTitle "EXT 2021"]
[Source "ChessBase"]
[SourceDate "2020.10.23"]
[SourceVersion "1"]
[SourceVersionDate "2020.10.23"]
[SourceQuality "1"]
[WhiteTeam "Haladas Szombathely III"]
[BlackTeam "Tapolca VSE II"]
[WhiteTeamCountry "HUN"]
[BlackTeamCountry "HUN"]

1. d4 Nf6 2. c4 g6 3. Nc3 Bg7 4. Nf3 0-0 5. g3 d6 6. Bg2 Nbd7 7. e4 e5 8. d5 Nc5 9. Qc2 a5 10. 0-0 Bd7 11. b3 Qc8 12. Ba3 b6 13. Rfe1 Nh5 14. Nd2 f5 15. f3 f4 16. g4 1/2-1/2

[Event "Mosonmagyarovar op"]
[Site "Mosonmagyarovar"]
[Date "2017.10.01"]
[Round "6"]
[White "Davaademberel, Purevdorj"]
[Black "Peresznyak, Peter"]
[Result "1-0"]
[WhiteElo "1831"]
[BlackElo "1758"]
[PlyCount "57"]
[EventDate "2017.09.28"]
[EventType "swiss"]
[EventRounds "7"]
[EventCountry "HUN"]
[SourceTitle "EXT 2019"]
[Source "ChessBase"]
[SourceDate "2018.10.10"]
[SourceVersion "1"]
[SourceVersionDate "2018.10.10"]
[SourceQuality "1"]

1. e4 c5 2. Nf3 Nc6 3. d4 cxd4 4. Nxd4 g6 5. c4 Bg7 6. Be3 Nf6 7. Nc3 d6 8. f3 Bd7 9. Qd2 0-0 10. Be2 Re8 11. 0-0 Rc8 12. Rac1 Ne5 13. b3 Qa5 14. Rfd1 a6 15. Bf1 Bh8 16. Rc2 Nh5 17. g4 Ng7 18. h3 Ne6 19. Kg2 Nc6 20. Nxc6 Rxc6 21. Na4 Qe5 22. c5 Rec8 23. Nb6 R8c7 24. Nd5 Nxc5 25. Bxc5 dxc5 26. Nxc7 Rxc7 27. Qd5 Qxd5 28. Rxd5 Bd4 29. Rxd4 1-0

[Event "Mosonmagyarovar op"]
[Site "Mosonmagyarovar"]
[Date "2017.09.30"]
[Round "4"]
[White "Kocsis, Soma"]
[Black "Peresznyak, Peter"]
[Result "1/2-1/2"]
[WhiteElo "1409"]
[BlackElo "1758"]
[PlyCount "41"]
[EventDate "2017.09.28"]
[EventType "swiss"]
[EventRounds "7"]
[EventCountry "HUN"]
[SourceTitle "EXT 2019"]
[Source "ChessBase"]
[SourceDate "2018.10.10"]
[SourceVersion "1"]
[SourceVersionDate "2018.10.10"]
[SourceQuality "1"]

1. Nf3 d5 2. c4 Nf6 3. g3 c6 4. b3 g6 5. Bb2 dxc4 6. Bg2 cxb3 7. Qxb3 Bg7 8. 0-0 0-0 9. Nc3 Qc7 10. Rac1 Qb6 11. Qc2 Na6 12. d4 Nb4 13. Qb3 Be6 14. Qa3 Nbd5 15. e3 Nxc3 16. Bxc3 Nd5 17. Ba1 Bf5 18. Qa4 Qb4 19. Qd1 Qa3 20. Nd2 Qxa2 21. e4 1/2-1/2

[Event "HUN-chT2 Szechenyi 1617"]
[Site "Hungary"]
[Date "2016.10.09"]
[Round "2"]
[White "Szalay, Istvan1111"]
[Black "Peresznyak, Peter"]
[Result "1/2-1/2"]
[WhiteElo "1518"]
[BlackElo "1748"]
[PlyCount "77"]
[EventDate "2016.09.25"]
[EventType "team-tourn"]
[EventRounds "11"]
[EventCountry "HUN"]
[SourceTitle "EXT 2021"]
[Source "ChessBase"]
[SourceDate "2020.10.23"]
[SourceVersion "1"]
[SourceVersionDate "2020.10.23"]
[SourceQuality "1"]
[WhiteTeam "Arboretum"]
[BlackTeam "Haladas Szombathely III"]
[WhiteTeamCountry "HUN"]
[BlackTeamCountry "HUN"]

1. e4 c6 2. d4 d5 3. e5 Bf5 4. Nf3 e6 5. Bd3 Bxd3 6. Qxd3 Qa5+ 7. Bd2 Qa6 8. Qxa6 Nxa6 9. a3 c5 10. c3 c4 11. Bf4 Rc8 12. Nbd2 Ne7 13. h3 h5 14. h4 Nf5 15. Nf1 Be7 16. g3 f6 17. Ne3 Nh6 18. Ke2 b5 19. Nc2 Nb8 20. Rab1 a6 21. Bd2 Kf7 22. Nh2 fxe5 23. dxe5 Nf5 24. Ne3 g6 25. Nxf5 gxf5 26. f4 Rhg8 27. Be1 Bc5 28. Bf2 Nd7 29. Rhd1 Bxf2 30. Kxf2 Nc5 31. Kf3 Ne4 32. Nf1 Rg7 33. Rbc1 Rcg8 34. a4 Nxg3 35. axb5 Nxf1 36. Rxf1 Rg3+ 37. Ke2 axb5 38. Ra1 Rh3 39. Ra7+ 1/2-1/2

[Event "HUN-chT2 Szechenyi 1516"]
[Site "Hungary"]
[Date "2016.03.20"]
[Round "9.12"]
[White "Sandor, Balazs"]
[Black "Peresznyak, Peter"]
[Result "1/2-1/2"]
[WhiteElo "1868"]
[BlackElo "1740"]
[PlyCount "26"]
[EventDate "2015.09.13"]
[EventType "team-tourn"]
[EventRounds "11"]
[EventCountry "HUN"]
[SourceTitle "EXT 2017"]
[Source "ChessBase"]
[SourceDate "2016.10.25"]
[SourceVersion "1"]
[SourceVersionDate "2016.10.25"]
[SourceQuality "1"]
[WhiteTeam "Ezust Huszar"]
[BlackTeam "HVSE Infraplan"]
[WhiteTeamCountry "HUN"]
[BlackTeamCountry "HUN"]

1. d4 Nf6 2. Nf3 d5 3. c4 e6 4. Nc3 c6 5. Bg5 Be7 6. e3 Nbd7 7. Bd3 0-0 8. 0-0 dxc4 9. Bxc4 b5 10. Bd3 a6 11. Qe2 Bb7 12. Rfd1 h6 13. Bh4 Qc7 1/2-1/2

[Event "HUN-chT2 Szechenyi 1314"]
[Site "Hungary"]
[Date "2014.03.23"]
[Round "9.7"]
[White "Peresznyak, Peter"]
[Black "Novak, Attila Robert"]
[Result "0-1"]
[WhiteElo "1791"]
[BlackElo "2170"]
[PlyCount "66"]
[EventDate "2013.09.08"]
[EventType "team-tourn"]
[EventRounds "11"]
[EventCountry "HUN"]
[SourceTitle "EXT 2016"]
[Source "ChessBase"]
[SourceDate "2015.10.08"]
[SourceVersion "1"]
[SourceVersionDate "2015.10.08"]
[SourceQuality "1"]
[WhiteTeam "Szombathely Haladas III"]
[BlackTeam "Balatonfuered"]
[WhiteTeamCountry "HUN"]
[BlackTeamCountry "HUN"]

1. e4 d6 2. d4 Nf6 3. Bd3 c6 4. c4 Qb6 5. Ne2 e5 6. d5 cxd5 7. cxd5 Na6 8. Bxa6 Qxa6 9. Nbc3 Bd7 10. 0-0 Be7 11. Kh1 0-0 12. Qe1 Bd8 13. f4 exf4 14. Bxf4 Ba5 15. Nd4 Rfe8 16. Bd2 Bxc3 17. Bxc3 Nxe4 18. Qh4 Nxc3 19. bxc3 Qd3 20. Qf4 Qg6 21. Rae1 Rac8 22. Qd2 h6 23. Re3 Rxe3 24. Qxe3 Re8 25. Qf2 Re5 26. c4 Re7 27. Nb3 b6 28. Nd4 Qd3 29. Rc1 Re4 30. Nc6 Bxc6 31. dxc6 Rxc4 32. Rxc4 Qxc4 33. Qe1 Qxc6 0-1

[Event "HUN-chT2 Charousek 1314"]
[Site "Hungary"]
[Date "2014.02.16"]
[Round "7"]
[White "Fuad Kamel Jamaliah, Natalie"]
[Black "Peresznyak, Peter"]
[Result "1-0"]
[WhiteElo "1978"]
[BlackElo "1791"]
[PlyCount "69"]
[EventDate "2013.09.08"]
[EventType "team-tourn"]
[EventRounds "11"]
[EventCountry "HUN"]
[SourceTitle "EXT 2016"]
[Source "ChessBase"]
[SourceDate "2015.10.08"]
[SourceVersion "1"]
[SourceVersionDate "2015.10.08"]
[SourceQuality "1"]
[WhiteTeam "Budapest HUSI"]
[BlackTeam "Szombathely Haladas II"]
[WhiteTeamCountry "HUN"]
[BlackTeamCountry "HUN"]

1. e4 c5 2. Nf3 d6 3. d4 cxd4 4. Nxd4 Nf6 5. Nc3 g6 6. Be2 Bg7 7. Be3 0-0 8. 0-0 Nc6 9. Kh1 Bd7 10. f4 Rc8 11. Nb3 Qc7 12. Qd2 a6 13. a4 Na5 14. Nxa5 Qxa5 15. Qd1 Be6 16. Bf3 Rc7 17. Bd4 Bc4 18. Re1 e5 19. Be3 Ne8 20. fxe5 dxe5 21. Rb1 Qb4 22. Qd2 Nf6 23. Qf2 Rfc8 24. Red1 Rd7 25. Rxd7 Nxd7 26. Bg4 Rc7 27. Qd2 Qe7 28. Rd1 Be6 29. Bxe6 Qxe6 30. Nd5 Rc4 31. Nc3 Nf6 32. Qd8+ Qe8 33. Bg5 Rc8 34. Bxf6 Bxf6 35. Qxf6 1-0

[Event "HUN-chT2 Szechenyi 0405"]
[Site "Hungary"]
[Date "2005.01.23"]
[Round "6"]
[White "Gyarmati, Janos"]
[Black "Peresznyak, Peter"]
[Result "1-0"]
[WhiteElo "2021"]
[BlackElo "2026"]
[PlyCount "87"]
[EventDate "2004.09.26"]
[EventType "team"]
[EventRounds "11"]
[EventCountry "HUN"]
[SourceTitle "EXT 2009"]
[Source "ChessBase"]
[SourceDate "2008.11.26"]
[SourceVersion "1"]
[SourceVersionDate "2008.11.26"]
[SourceQuality "1"]
[WhiteTeam "Tapolca II"]
[BlackTeam "Haladas II"]
[WhiteTeamCountry "HUN"]
[BlackTeamCountry "HUN"]

1. e4 c5 2. Nf3 d6 3. Bb5+ Bd7 4. Bxd7+ Qxd7 5. 0-0 Nc6 6. Qe2 Nf6 7. h3 g6 8. Rd1 Bh6 9. c3 e5 10. Na3 Qe6 11. d4 Bxc1 12. d5 Qd7 13. dxc6 Qxc6 14. Raxc1 Nxe4 15. Qb5 0-0-0 16. Qxc6+ bxc6 17. Nc4 f6 18. Nfd2 Nxd2 19. Rxd2 d5 20. Na5 Kc7 21. Nb3 Kb6 22. Na1 a5 23. Nc2 a4 24. f3 c4 25. Rcd1 Kc5 26. Kf2 Rb8 27. Nb4 Ra8 28. Nxd5 cxd5 29. Rxd5+ Kc6 30. Rd6+ Kc7 31. Rxf6 Rad8 32. Ke2 Rxd1 33. Kxd1 Rb8 34. Kc2 Rd8 35. Ra6 Rd6 36. Rxa4 Rc6 37. Ra7+ Kd6 38. Rxh7 Ke6 39. Rh4 Ra6 40. Rxc4 Rxa2 41. Rg4 Kf5 42. Kb3 Ra1 43. Kc4 Ra4+ 44. b4 1-0